000 00516nam a22001937a 4500
003 OSt
005 20140310182004.0
008 121121t xxu||||| |||| 00| 0 eng d
020 _a0583309216
050 _aPZ 7
_b.T923 1986
082 _aKF
_bT82m 1986
245 _aThe Magnificent 11 /
_cTom Tully ; illustrated by: Kim Raymond.
260 _aLondon
_bDragon Grafton Books
_c1986.
300 _a139 p. ;
_b ill. ;
_c18 cm.
541 _j1
562 _e1
650 _aFiction
_9746
942 _2lcc
_cBK-KF
_kKF
999 _c8041
_d8041